000
00300nam a22001337a 4500
008
170511b xxu||||| |||| 00| 0 eng d
020
_a
9780314274656
041
_a
eng
080
_2
4 ED
_a
343.9
100
_a
15
101
_a
SHJ
245
_a
CROIMIAL PROCEDURE
_c
DRESSLER.J
942
_2
udc
_c
BK
999
_c
13100
_d
13100